REGINA DEI CUORI. N. II. ANNO I. MARZO 1915. RIVISTA MENSILE DELLA DIVOZIONE DI MARIANA. (Record n. 320375)

Dettagli MARC
000 -LEADER
fixed length control field 01838nas a2200277Ia 4500
001 - CONTROL NUMBER
control field R235-R2301
003 - CONTROL NUMBER IDENTIFIER
control field IT-CnALBA
008 - FIXED-LENGTH DATA ELEMENTS--GENERAL INFORMATION
fixed length control field 170116c99999999xx |||||||||||| ||und||
040 ## - CATALOGING SOURCE
Original cataloging agency IT-CnALBA
Transcribing agency IT-CnALBA
041 ## - LANGUAGE CODE
Language code of text/sound track or separate title ITALIANO
999 ## - SYSTEM CONTROL NUMBERS (KOHA)
Koha Dewey Subclass [OBSOLETE] SI
100 ## - MAIN ENTRY--PERSONAL NAME
Personal name BERGAMASCHI PIETRO, MONS. DOTT.
210 ## - ABBREVIATED TITLE
Abbreviated title REGINA DEI CUORI
222 ## - KEY TITLE
Key title REGINA DEI CUORI
245 #0 - TITLE STATEMENT
Title REGINA DEI CUORI. N. II. ANNO I. MARZO 1915. RIVISTA MENSILE DELLA DIVOZIONE DI MARIANA.
Remainder of title RIVISTA MENSILE DELLA DIVOZIONE DI MARIANA
250 ## - EDITION STATEMENT
Edition statement 1a ed.
260 ## - PUBLICATION, DISTRIBUTION, ETC. (IMPRINT)
Place of publication, distribution, etc. ROMA
Name of publisher, distributor, etc. FERRARI FRANCESCO LIBR. ED. REL.
Date of publication, distribution, etc. 1915
300 ## - PHYSICAL DESCRIPTION
Extent 31 p.
310 ## - CURRENT PUBLICATION FREQUENCY
Current publication frequency MENSILE
362 ## - DATES OF PUBLICATION AND/OR SEQUENTIAL DESIGNATION
Dates of publication and/or sequential designation Fascicolo: 11 / Anno: 1 (1915)
500 ## - GENERAL NOTE
General note COMMENTO AL TRATTATO DELLA VERA DEVOZIONE A MARIA VERGINE. GLOSSA LETTERALE. GEBHARD H. M. TACCUINO INEDITO DEL SANTO GRIGNION DE MONTFORT. AVE MARIA. FIORE DELLA VERGINE, POESIA. DE GIOVANNI A. FESTA DELL'ANNUNCIAZIONE. INSEGNAMENTO DI MARIA. CREAZIONE SOVRANA IN MARIA. VITA DEL BEATO GRIGNION DE MONTFORT. NOTE D'ARTE, L'ANNUNCIAZIONE. THIOLY C. VISITA IN TERRASANTA, IMPRESSIONI ED EMOZIONI. TERESA PIA. CRONACA DELL'ARCICONFRATERNITA. PRATICA DEL MESE. POSTA DEI LETTORI.
501 ## - WITH NOTE
With note Società San Paolo EM - Piazza San Paolo, 14 - 12051 ALBA (CN) (non commercial uses only) ® Copyright 2017
520 ## - SUMMARY, ETC.
Summary, etc. COMMENTO AL TRATTATO DELLA VERA DEVOZIONE A MARIA VERGINE. GLOSSA LETTERALE. GEBHARD H. M. TACCUINO INEDITO DEL SANTO GRIGNION DE MONTFORT. AVE MARIA. FIORE DELLA VERGINE, POESIA. DE GIOVANNI A. FESTA DELL'ANNUNCIAZIONE. INSEGNAMENTO DI MARIA. CREAZIONE SOVRANA IN MARIA. VITA DEL BEATO GRIGNION DE MONTFORT. NOTE D'ARTE, L'ANNUNCIAZIONE. THIOLY C. VISITA IN TERRASANTA, IMPRESSIONI ED EMOZIONI. TERESA PIA. CRONACA DELL'ARCICONFRATERNITA. PRATICA DEL MESE. POSTA DEI LETTORI.
650 ## - SUBJECT ADDED ENTRY--TOPICAL TERM
Topical term or geographic name as entry element MARIOLOGIA
942 ## - ADDED ENTRY ELEMENTS (KOHA)
Koha item type RIVISTA
957 ## -
-- 1
999 ## - SYSTEM CONTROL NUMBERS (KOHA)
-- 1
Dati di copia
Withdrawn status Lost status Damaged status Not for loan Home library Current library Date acquired Total Checkouts Full call number Date last seen Price effective from Koha item type Public note
    Buone Condizioni Not For Loan ALBA - Biblioteca ALBA - Biblioteca 16/01/2017   R235-R2301 16/01/2017 16/01/2017 RIVISTA (data import: 16 gennaio 2017) - By Epidotti, Vaglietti.
CREDITS: SOCIETA' SAN PAOLO Via A.Severo, 58 - ROMA (RM) & PERIODICI SAN PAOLO SRL Via Giotto, 36 MILANO & CISF Via Giotto, 36 MILANO & EDIZIONI SAN PAOLO SRL,  Piazza Soncino, 5 CINISELLO BALSAMO (MI) -- ITALY